| Tag |
First Indicator |
Second Indicator |
Subfields |
| LEADER |
00000cam a22000004a 4500 |
| 001 |
in00002010567 |
| 005 |
20151031144914.0 |
| 008 |
040519s2004 nyua bc 001 0deng |
| 010 |
|
|
|a 2004052132
|
| 020 |
|
|
|a 0300101678
|
| 035 |
|
|
|a (OCoLC)ocm55487321
|
| 040 |
|
|
|a DLC
|c DLC
|d C#P
|d TXA
|d UtOrBLW
|
| 042 |
|
|
|a pcc
|
| 049 |
|
|
|a TXAM
|
| 050 |
0 |
0 |
|a N6537.N48
|b A4 2004
|
| 082 |
0 |
0 |
|a 709/.2
|2 22
|
| 100 |
1 |
|
|a Shiff, Richard.
|
| 245 |
1 |
0 |
|a Barnett Newman :
|b a catalogue raisonné /
|c Richard Shiff, Carol C. Mancusi-Ungaro, Heidi Colsman-Freyberger ; photography by Bruce White ; edited by Ellyn Childs Allison.
|
| 264 |
|
1 |
|a New York :
|b Barnett Newman Foundation ;
|a New Haven :
|b Yale University Press,
|c [2004]
|
| 264 |
|
4 |
|c ©2004
|
| 300 |
|
|
|a x, 653 pages :
|b chiefly illustrations (some color) ;
|c 33 cm.
|
| 336 |
|
|
|a text
|b txt
|2 rdacontent
|
| 337 |
|
|
|a unmediated
|b n
|2 rdamedia
|
| 338 |
|
|
|a volume
|b nc
|2 rdacarrier
|
| 504 |
|
|
|a Includes bibliographical references (pages 567-580) and index.
|
| 504 |
|
|
|a "Barnett Newman's library": pages 614-646.
|
| 600 |
1 |
0 |
|a Newman, Barnett,
|d 1905-1970
|v Catalogues raisonnés.
|
| 700 |
1 |
|
|a Newman, Barnett,
|d 1905-1970.
|
| 700 |
1 |
|
|a Mancusi-Ungaro, Carol.
|
| 700 |
1 |
|
|a Colsman-Freyberger, Heidemarie.
|
| 700 |
1 |
|
|a White, Bruce,
|d 1962-
|
| 700 |
1 |
|
|a Allison, Ellyn Childs.
|
| 948 |
|
|
|a cataloged
|b h
|c 2004/12/2
|d c
|e jgreene
|f 1:56:59 pm
|
| 994 |
|
|
|a E0
|b TXA
|
| 999 |
|
|
|a MARS
|
| 999 |
f |
f |
|s f407849e-2da6-3fc9-aa4d-8d876ecdaa24
|i 3be8cfe1-168c-3604-ae03-86ba1e1fe660
|t 0
|
| 952 |
f |
f |
|p normal
|a Texas A&M University
|b College Station
|c Sterling C. Evans Library
|d Evans: Library Stacks
|t 0
|e N6537.N48 A4 2004
|f Oversize
|h Library of Congress classification
|i unmediated -- volume
|m A14831612811
|
| 998 |
f |
f |
|a N6537.N48 A4 2004
|t 0
|l Evans: Library Stacks
|